Συντακτική εθνοσυνέλευσις : ουχί βουλή αναθεωρητικοσυντακτική!

Αποθηκεύτηκε σε:
Λεπτομέρειες βιβλιογραφικής εγγραφής
Κύριος συγγραφέας: Φιλάρετος, Γεώργιος Ν.
Μορφή: Βιβλίο
Γλώσσα:Greek
Δημοσίευση: Εν Αθήναις : Εκ του τυπογραφείου Π. Α. Πετράκου, 1920
Θέματα:
Ετικέτες: Προσθήκη ετικέτας
Δεν υπάρχουν, Καταχωρήστε ετικέτα πρώτοι!

MARC

LEADER 00000cam a2200000 i 4500
001 1/5808
008 000608s1920 gre d
035 |l 10061715 
040 |a GR-MY-UA  |b gre  |e aacr 
041 0 |a gre 
082 0 |a 320.9495 
100 1 |a Φιλάρετος, Γεώργιος Ν. 
245 1 0 |a Συντακτική εθνοσυνέλευσις :  |b ουχί βουλή αναθεωρητικοσυντακτική! /  |c Γεωργίου Ν. Φιλαρέτου 
260 |a Εν Αθήναις :   |b Εκ του τυπογραφείου Π. Α. Πετράκου,   |c 1920 
300 |a 64 σ. 
651 0 |a Greece  |x History  |y 1917-1944. 
651 0 |a Greece  |x Politics and government  |y 1917-1935. 
852 |a INST  |b LESVOS  |e 20000608  |h 320.9495 ΦΙΛ  |p 005100021140  |q 005100021140  |t BK  |y 0 
901 |a BIBL1-2000-2 
909 |a Λ  |b 072408 
970 |z 2000/06/ΜΙΧΑΗΛΙΔΟΥ ΑΝΝΑ